000 00282nam a22001217a 4500
008 181107b xxu||||| |||| 00| 0 eng d
041 _aeng
080 _a101
100 _a23
101 _aFIL
245 _aEncounter An Introduction To Philosophy
_cRamona.c
942 _2udc
_cBK
999 _c52184
_d52184